• 首页
  • 本馆介绍
  • 公告通知
  • 最新文献
  • 馆藏检索
  • 电子资源
  • 读者导购
  • 参考咨询
  • 我的图书馆
  • 登录
  • 详细信息显示
  • 放入我的书架
  • 预约/预借图书
  • 作者相关作品
  • 分类相关作品
  • 丛书相关作品
  • 出版社相关作品

书目信息

  • 表格格式
  • 工作单格式
  • 卡片格式
题名:
信息功能材料工程 下
    
 
作者: 王占国 , 陈立泉 , 屠海令 主编 ;中国机械工程学会 , 中国材料研究学会 , 中国材料工程大典编委会 编
分册:  
出版信息: 北京   化学工业出版社  2006.03
页数: 10,667页
开本: 30cm
丛书名: 中国材料工程大典
单 册:
中图分类: TN04 , TN04-62
科图分类:
主题词: 电子材料--手册 , 电子材料--功能材料--手册 , 工程材料 , 电子材料 , 功能材料
电子资源:
ISBN: 7-5025-7315-1
000 01505nam0 2200397 450
001 003183725
005 20060818104051.0
010    @a7-5025-7315-1@b精装@dCNY120.00
100    @a20060426d2006 em y0chiy0110 ea
101 0  @achi
102    @aCN@b110000
105    @aa z 000yy
106    @ar
200 1  @a信息功能材料工程 下@Axin xi gong neng cai liao gong cheng xia@f王占国,陈立泉,屠海令主编@g中国机械工程学会,中国材料研究学会,中国材料工程大典编委会[编]
210    @a北京@c化学工业出版社@d2006.03
215    @a10,667页@c照片@d30cm
225 2  @a中国材料工程大典@v13
304    @a封面英文共同题名:China materials engineering canon
330    @a本书内容包括:超导材料、传感器材料、红外材料、先进储能材料、一维纳米材料和纳米结构、发光材料、微加工技术、光子晶体等。
410  0 @12001 @a中国材料工程大典
606 0  @a电子材料@j手册
606 0  @a电子材料@x功能材料@j手册
606 0  @a工程材料
606 0  @a电子材料
606 0  @a功能材料
690    @aTN04@v5
690    @aTN04-62@v4
701  0 @a王占国@Awang zhan guo@f(1938.12~)@4主编
701  0 @a陈立泉@Achen li quan@f(1940~)@4主编
701  0 @a屠海令@Atu hai ling@f(1946~)@4主编
712 02 @a中国机械工程学会@9zhong guo ji xie gong cheng xue hui@4编
712 02 @a中国材料研究学会@9zhong guo cai liao yan jiu xue hui@4编
712 02 @a中国材料工程大典编委会@9zhong guo cai liao gong cheng da dian bian wei hui@4编
801  0 @aCN@bJiuFeng@c20060821
905    @aBZT@dTN04@e1-3
906    @dCNY120.00@n0@r1
    
    信息功能材料工程 下/王占国,陈立泉,屠海令主编/中国机械工程学会,中国材料研究学会,中国材料工程大典编委会[编].-北京:化学工业出版社,2006.03
    10,667页:照片;30cm.-(中国材料工程大典;13)
    
    
    ISBN 7-5025-7315-1(精装):CNY120.00
    本书内容包括:超导材料、传感器材料、红外材料、先进储能材料、一维纳米材料和纳米结构、发光材料、微加工技术、光子晶体等。
●
相关链接 在五车中查询图书 在当当中查询图书 在豆瓣中查询图书


正题名:信息功能材料工程 下     索取号:TN04/1-3         预约/预借

序号 登录号 条形码 馆藏地/架位号 状态 备注
1 746370   2000746370   中心书库中库/ 中库027架B面8列7层5/ [索取号:TN04/1-3] 在馆    
2 746371   2000746371   中心书库中库/ 中库027架B面8列5层13/ [索取号:TN04/1-3] 在馆    
3 746372   2000746372   中心书库中库/ 中库027架B面9列4层15/ [索取号:TN04/1-3] 在馆    
4 746373   2000746373   中心书库中库/ 中库027架B面9列4层10/ [索取号:TN04/1-3] 在馆    
5 746374   2000746374   中心书库中库/ 中库027架B面9列3层5/ [索取号:TN04/1-3] 在馆    
6 789779   2000789779   中心书库中库/ 中库027架B面8列2层8/ [索取号:TN04/1-3] 在馆    
7 789780   2000789780   中心书库中库/ 中库027架B面8列4层7/ [索取号:TN04/1-3] 在馆    
8 789781   2000789781   中心书库中库/ 中库027架B面9列7层2/ [索取号:TN04/1-3] 在馆    
9 789782   2000789782   中心书库中库/ 中库027架B面9列7层3/ [索取号:TN04/1-3] 在馆    
10 789783   2000789783   中心书库中库/ 中库027架B面9列2层14/ [索取号:TN04/1-3] 在馆    
11 789784   2000789784   中心书库中库/ 中库027架B面8列3层4/ [索取号:TN04/1-3] 在馆    
山东省滨州职业学院图书馆 欢迎您!
大连网信软件有限公司© 版权所有